| 000 | 01211nam0a22002771 4500 | ||
|---|---|---|---|
| 001 | rc\2594961 | ||
| 005 | 20250623124956.0 | ||
| 035 | _a(NLR Aleph) 006759144 | ||
| 090 |
_a5825607 _c5825607 |
||
| 100 | _a20110914d1929 |||y0rusy50 ca | ||
| 101 | 0 | _arus | |
| 102 | _aRU | ||
| 105 | _ay ej ||||| | ||
| 200 | 1 |
_aМеждународный язык эсперанто _eЭсперантско-русский словарик, русско-эсперантский словарик и полная грамматика языка эсперанто _fШ. Гольдфедер |
|
| 210 |
_aБарнаул _cОкружн. ком-т Союза эсперантистов советских республик _d1929 _gгостип. изд. "Красн. Алт." |
||
| 215 |
_a80 с. _d11х8 см. |
||
| 300 | _aНа обороте тит. листа перевод его на яз. эсперанто | ||
| 320 | _aБиблиография: указания литературы в "Предисловии" | ||
| 700 | 1 |
_aГольдфедер _bШ. |
|
| 801 | 0 |
_aRU _bNLR _gpsbo |
|
| 801 | 1 |
_aRU _bELAR _2rusmarc |
|
| 852 |
_aNLR _j39/4237 |
||
| 852 |
_aNLR _j118/128 |
||
| 942 | _cBOOK | ||
| 980 | _aNB | ||